| 000 | 00540nam a22001457a 4500 | ||
|---|---|---|---|
| 082 | _a004 | ||
| 100 | _aZia, Muhammad Faisal | ||
| 245 |
_aExploring Design of Personalized Context Aware Services Providing Platform for Futuristic Ambient Intelligent Environment / _cMuhammad Faisal Zia |
||
| 260 |
_aIslamabad : _bMCS - NUST, _c2014. |
||
| 300 |
_a91 p. ; _c30cm. |
||
| 650 |
_aComputer Software Engineering-MS-Thesis _916105 |
||
| 700 |
_aDr. Fahim Arif _920941 |
||
| 942 |
_2ddc _cTHE |
||
| 999 |
_c541074 _d541074 |
||